Online Catalogue and eLibrary

The Moon for Dinner (Record no. 5978)

MARC details
000 -LEADER
fixed length control field 00455nam a22001937a 4500
005 - DATE AND TIME OF LATEST TRANSACTION
control field 20250213033339.0
008 - FIXED-LENGTH DATA ELEMENTS--GENERAL INFORMATION
fixed length control field 250213b |||||||| |||| 00| 0 eng d
082 ## - DDC Classification
DDC Edition Number 1679
Class No. 305.4095
Item Number - Author Mark OSU
100 ## - MAIN ENTRY--PERSONAL NAME
Personal name O'Sullivan, S
245 ## - TITLE STATEMENT
Title The Moon for Dinner
Remainder of title Changing Relations... Women in China
260 ## - PUBLICATION, DISTRIBUTION, ETC.
Date of publication, distribution, etc. 1975
300 ## - PHYSICAL DESCRIPTION
Extent (e.g. Volumes, Pages etc.) 46 p.,
650 ## - SUBJECT ADDED ENTRY--TOPICAL TERM
Topical term or geographic name entry element Women
650 ## - SUBJECT ADDED ENTRY--TOPICAL TERM
Topical term or geographic name entry element China
650 ## - SUBJECT ADDED ENTRY--TOPICAL TERM
Topical term or geographic name entry element History
650 ## - SUBJECT ADDED ENTRY--TOPICAL TERM
Topical term or geographic name entry element Health
650 ## - SUBJECT ADDED ENTRY--TOPICAL TERM
Topical term or geographic name entry element Sexuality
942 ## - Koha item type (Biblio)
Koha item type Books in Stacks (Lending)
Holdings
Lost status Damaged status Collection code Home library Current library Date acquired Full call number Accession Number Item type
    Lending WERC Library WERC Library 02/13/2025 305.4095 OSU 1679 Books in Stacks (Lending)

© WERC Library